[Event "4NCL/Div1/SL-WG"]
[Site "Rd02-Birmingham"]
[Date "2000.09.24"]
[Round "2.5"]
[White "McNab, Colin"]
[Black "Levitt, Jon"]
[Result "1-0"]
[WhiteElo "2416"]
[BlackElo "2438"]
[PlyCount "73"]
[EventDate "2000.09.24"]

1. c4 f5 2. b3 Nf6 3. Bb2 d6 4. e3 g6 5. Bxf6 exf6 6. Nc3 f4 7. exf4 Bg7 8. Nf3
O-O 9. Be2 Bh6 {(=)} 10. g3 Bh3 11. Nd5 Nd7 12. Ne3 Nc5 13. Qc2 Re8 14. b4 Nd7
15. Ng1 Be6 16. f5 Bxf5 17. Nxf5 gxf5 18. Qxf5 a5 19. Qh5 Bg7 20. b5 f5 21. Rb1
Nf6 22. Qxf5 Re5 23. Qd3 Ne4 {(=)} 24. f4 Nc5 25. Qf3 Re4 26. Nh3 Qd7 27. Nf2
Rae8 28. Nxe4 Nxe4 29. O-O c6 30. Rbd1 Qh3 31. Qg4 Qh6 32. Bf3 Nf6 33. Qg5 Qh3
34. Rfe1 Rxe1+ 35. Rxe1 h6 36. Qg6 Kf8 37. Bg4 1-0

[Event "4NCL/Div1/SL-WG"]
[Site "Rd02-Birmingham"]
[Date "2000.09.24"]
[Round "2.6"]
[White "Martin, Andrew"]
[Black "Buckley, Graeme"]
[Result "1-0"]
[WhiteElo "2445"]
[BlackElo "2351"]
[PlyCount "81"]
[EventDate "2000.09.24"]

1. c4 g6 2. d4 Bg7 3. e4 d6 4. Nc3 Nf6 5. Nge2 h5 6. h3 e5 7. d5 Na6 8. b4 O-O
9. Rb1 c5 10. a3 Nh7 11. Be3 b6 12. Ng1 f5 13. Nf3 Nc7 14. Be2 Ne8 15. Rb3 Nef6
16. exf5 gxf5 17. Ng5 Qe8 18. Nxh7 Kxh7 19. f4 Bd7 20. O-O Rc8 21. bxc5 bxc5
22. Qe1 Qg6 23. Qh4 Bh6 24. Rf3 Rg8 25. Bf1 Rg7 26. Rb7 Be8 27. Rxg7+ Bxg7 28.
Be2 Ne4 29. Nxe4 fxe4 30. f5 Qf6 31. Qxe4 Rb8 32. Rg3 Bh6 33. Bxh6 Qxh6 34. Qh4
Rb7 35. Bd3 Qf4 36. f6+ Kh6 37. Qxf4+ exf4 38. Rg8 Bf7 39. Rg7 Rb3 40. Bf5 Be8
41. h4 1-0

[Event "4NCL/Div1/SL-WG"]
[Site "Rd02-Birmingham"]
[Date "2000.09.24"]
[Round "2.7"]
[White "Lawton, Geoff"]
[Black "Littlewood, Paul"]
[Result "1-0"]
[WhiteElo "2378"]
[BlackElo "2394"]
[PlyCount "165"]
[EventDate "2000.09.24"]

1. d4 d5 2. c4 e6 3. Nc3 Nf6 4. cxd5 exd5 5. Bg5 c6 6. e3 Bf5 7. Qf3 Bg6 8.
Bxf6 Qxf6 9. Qxf6 gxf6 10. Nge2 Bd6 11. g3 Bh5 12. Bg2 Nd7 13. f3 O-O-O 14. Kf2
Rhe8 15. Nf4 Bg6 16. h4 Nb6 17. Bh3+ Kb8 18. h5 Bxf4 19. gxf4 Bd3 20. Rad1 Ba6
21. b3 h6 22. Rhg1 Rg8 23. Bf5 Nc8 24. Bxc8 Kxc8 25. Rxg8 Rxg8 26. e4 dxe4 27.
Nxe4 Rd8 28. Nxf6 Rd6 29. Ng4 Kd8 30. f5 Ke8 31. f6 Kf8 32. Re1 Bd3 33. Re7
Rxf6 34. Rxb7 Rf5 35. Nxh6 Rxh5 36. Rxf7+ Ke8 37. Rf6 Bb1 38. Ng4 Ra5 39. Rxc6
Bxa2 40. b4 Ra4 41. Rc7 a6 42. Ra7 Rxb4 43. Rxa6 Bc4 44. Ra3 Ke7 45. Ke3 Ke6
46. Ne5 Bb5 47. Rc3 Rb1 48. Rc5 Re1+ 49. Kf4 Rb1 50. Ng4 Rb4 51. Ke4 Rb3 52.
Ne5 Rb1 53. Rc3 Re1+ 54. Re3 Rb1 55. d5+ Kd6 56. Nf7+ Ke7 57. Nh6 Bd7 58. Ke5
Rb6 59. Nf5+ Kf7 60. Nd6+ Ke7 61. Ne4 Rb5 62. f4 Ra5 63. Rd3 Ra1 64. Rb3 Re1
65. Rb7 Kd8 66. Kd6 Bc8 67. Rb4 Ke8 68. Rb8 Rxe4 69. Rxc8+ Kf7 70. f5 Re1 71.
Rc2 Rf1 72. Kd7 Rxf5 73. d6 Ra5 74. Rf2+ Kg6 75. Ke7 Re5+ 76. Kd8 Re1 77. d7
Rc1 78. Rf4 Kg5 79. Rf8 Kg6 80. Ke7 Re1+ 81. Kd6 Rd1+ 82. Kc6 Rc1+ 83. Kb5 1-0

[Event "4NCL/Div1/SL-WG"]
[Site "Rd02-Birmingham"]
[Date "2000.09.24"]
[Round "2.8"]
[White "Arakhamia, Ketevan"]
[Black "Lalic, Susan"]
[Result "1/2-1/2"]
[WhiteElo "2405"]
[BlackElo "2315"]
[PlyCount "127"]
[EventDate "2000.09.24"]

1. e4 e6 2. d4 d5 3. Nc3 Bb4 4. e5 c5 5. a3 Bxc3+ 6. bxc3 Qa5 7. Qd2 cxd4 8.
cxd4 Qxd2+ 9. Kxd2 Nc6 10. Nf3 Na5 11. a4 Bd7 12. Ba3 Rc8 13. Bb4 Nc6 14. Bd6
Na5 15. Bb4 Nc6 16. Bc3 Nge7 17. Bd3 O-O 18. a5 f6 19. exf6 Rxf6 20. Rhb1 Rc7
21. Rb3 Nf5 22. Rab1 Nd6 23. Ke2 Rf8 24. Ne5 Nxe5 25. dxe5 Nb5 26. Bb2 a6 27.
Rb4 Bc6 28. g3 Rcf7 29. f4 g5 30. Rg1 Nc7 31. Bd4 Bb5 32. fxg5 Bxd3+ 33. cxd3
Nb5 34. Be3 Rc8 35. Rb2 d4 36. Bf4 Rc5 37. Kd2 Nc3 38. Rb4 Rd7 39. Ra1 Nb5 40.
Rc4 Rdc7 41. Rac1 Nc3 42. Rxd4 Rxa5 43. Rc4 Rxc4 44. dxc4 Ne4+ 45. Ke3 Nc5 46.
Rb1 b5 47. cxb5 axb5 48. Kd4 Nd7 49. Kc3 Kf7 50. Rd1 Nxe5 51. Kb4 Nc6+ 52. Kc5
Ne7 53. Rd7 e5 54. Bxe5 Ke6 55. Bc7 Ra6 56. Rd6+ Rxd6 57. Bxd6 Nd5 58. Bb8 b4
59. Kc4 Ne7 60. Bf4 Nc6 61. h4 Kf5 62. h5 Nd8 63. Kxb4 Nf7 64. g6 1/2-1/2

[Event "4NCL/Div1/WR-GUI"]
[Site "Rd02-Birmingham"]
[Date "2000.09.24"]
[Round "2.1"]
[White "Mah, Karl"]
[Black "Conquest, Stuart"]
[Result "0-1"]
[WhiteElo "2411"]
[BlackElo "2529"]
[PlyCount "58"]
[EventDate "2000.09.24"]

1. d4 d6 2. e4 Nf6 3. Bd3 e5 4. c3 d5 5. dxe5 Nxe4 6. Nf3 Nc6 {This position
can arise from the Ponziani after 1 e4 e5 2 Nf3 Nc6 3 c3 Nf6 4 d4 d5 5 dxe5?!
Nxe4 6 Bd3; but there Black has the move and can play 6...Bc5! with an edge.}
7. Nbd2 Nc5 8. Bb1 Bg4 9. O-O Be7 10. Qe1 Ne6 11. b3 O-O 12. Bb2 Bc5 13. b4 Bb6
14. a3 a5 15. b5 Ne7 16. Nd4 Nxd4 17. cxd4 a4 18. Qe3 Qd7 19. Bd3 f6 20. Rfe1
fxe5 21. Qxe5 Ng6 22. Qg5 Rf6 23. h3 Bxh3 24. gxh3 Nf4 25. Qg3 Nxh3+ 26. Kh1
Nxf2+ 27. Kg2 Raf8 28. Nf1 Nxd3 29. Qxd3 Qg4+ 0-1

[Event "4NCL/Div1/WR-GUI"]
[Site "Rd02-Birmingham"]
[Date "2000.09.24"]
[Round "2.2"]
[White "Rowson, Jonathan"]
[Black "Dunnington, Angus"]
[Result "1/2-1/2"]
[WhiteElo "2494"]
[BlackElo "2391"]
[PlyCount "91"]
[EventDate "2000.09.24"]

1. e4 g6 2. d4 d6 3. f4 Bg7 4. Nc3 a6 5. Nf3 b5 6. Bd3 Nd7 7. e5 c5 8. Be3 b4
9. Ne4 Qc7 10. exd6 exd6 11. dxc5 Nxc5 12. Bxc5 dxc5 13. Bc4 Bxb2 14. O-O Nf6
15. Nd6+ Kf8 16. Nxf7 Kg7 17. Nxh8 Kxh8 18. Rb1 Bc3 19. Ng5 Bg4 20. Qd3 Re8 21.
Qg3 Kg7 22. h3 Bf5 23. Bd3 Bxd3 24. Qxd3 c4 25. Qg3 h6 26. Nf3 Nh5 27. Qf2 Nxf4
28. Nd4 Re4 29. Rbd1 Bxd4 30. Rxd4 Ne2+ 31. Kh1 Ng3+ 32. Qxg3 Qxg3 33. Rxe4 Qc7
34. Rff4 a5 35. Rxc4 Qd7 36. Rf1 h5 37. Rc5 a4 38. Rc4 Qd6 39. Rff4 b3 40. axb3
axb3 41. cxb3 Qd1+ 42. Kh2 Qxb3 43. h4 Qe3 44. Rc7+ Kh6 45. Rcf7 Qe5 46. Kh3
1/2-1/2

[Event "4NCL/Div1/WR-GUI"]
[Site "Rd02-Birmingham"]
[Date "2000.09.24"]
[Round "2.3"]
[White "Dearing, Eddie"]
[Black "King, Daniel"]
[Result "0-1"]
[WhiteElo "2267"]
[BlackElo "2525"]
[PlyCount "40"]
[EventDate "2000.09.24"]

1. d4 e6 2. Nf3 c5 3. e3 Nf6 4. Bd3 b6 5. O-O Bb7 6. Nbd2 Nc6 7. b3 cxd4 8.
exd4 Nb4 9. Bc4 Nbd5 10. Bb2 Bb4 11. Ne5 O-O 12. a3 Bc3 13. Bxd5 Nxd5 14. Bxc3
Nxc3 15. Qe1 d6 16. Nd3 Qf6 17. Nc4 Qxd4 18. Nxd6 Bxg2 19. Kxg2 Qg4+ 20. Kh1
Qf3+ 0-1

[Event "4NCL/Div1/WR-GUI"]
[Site "Rd02-Birmingham"]
[Date "2000.09.24"]
[Round "2.4"]
[White "Gormally, Daniel"]
[Black "Gayson, Peter"]
[Result "1-0"]
[WhiteElo "2504"]
[BlackElo "2273"]
[PlyCount "67"]
[EventDate "2000.09.24"]

1. d4 f5 2. c4 d6 3. g3 g6 4. Bg2 Bg7 5. Nf3 Nf6 6. O-O O-O 7. Nc3 Qe8 8. Re1
e5 9. dxe5 dxe5 10. e4 fxe4 11. Nxe4 Nxe4 12. Rxe4 Nc6 13. Re1 Bg4 14. Qd5+ Kh8
15. Be3 Rd8 16. Qe4 Bxf3 17. Bxf3 Nd4 18. Bg2 Qf7 19. Qxb7 Rb8 20. Qxa7 Rxb2
21. Rab1 Rxb1 22. Rxb1 Qxc4 23. h3 Qc2 24. Rf1 c5 25. a4 c4 26. a5 Qa4 27. a6
Nf3+ 28. Bxf3 Rxf3 29. Bc5 Qe8 30. Rb1 Rb3 31. Rxb3 cxb3 32. Qb7 b2 33. Qxb2 e4
34. Qb7 1-0

[Event "4NCL/Div1/WR-GUI"]
[Site "Rd02-Birmingham"]
[Date "2000.09.24"]
[Round "2.5"]
[White "Townsend, M Paul"]
[Black "Baker, Chris W"]
[Result "0-1"]
[WhiteElo "2230"]
[BlackElo "2372"]
[PlyCount "98"]
[EventDate "2000.09.24"]

1. d4 g6 2. e4 Bg7 3. Nc3 c6 4. Nf3 d5 5. h3 Nf6 6. e5 Ne4 7. Nxe4 dxe4 8. Ng5
c5 9. c3 cxd4 10. cxd4 Nc6 11. Be3 O-O 12. Nxe4 Qa5+ 13. Qd2 Qxd2+ 14. Nxd2 Nb4
15. Rc1 Nxa2 16. Rc7 Be6 17. Bd3 Rfc8 18. Rxc8+ Rxc8 19. O-O Nb4 20. Bb1 Nd5
21. Ne4 Nxe3 22. fxe3 Bh6 23. Kf2 b6 24. Nc3 Rc4 25. Rd1 Rc8 26. Bd3 Bb3 27.
Rd2 Kf8 28. Ba6 Rd8 29. Kf3 f6 30. exf6 exf6 31. Bb5 f5 32. g4 Ke7 33. gxf5
gxf5 34. Re2 Kf6 35. Bd3 a5 36. Rf2 Re8 37. e4 fxe4+ 38. Bxe4 Kg7 39. Rg2+ Kh8
40. d5 Rf8+ 41. Kg4 b5 42. Kh5 Bg7 43. Bc2 Bc4 44. Rd2 a4 45. d6 a3 46. d7 Rd8
47. Bf5 b4 48. Na4 a2 49. Rd1 Be2+ 0-1

[Event "4NCL/Div1/WR-GUI"]
[Site "Rd02-Birmingham"]
[Date "2000.09.24"]
[Round "2.6"]
[White "Povah, Nigel"]
[Black "Barrett, Stephen"]
[Result "0-1"]
[WhiteElo "2359"]
[BlackElo "2217"]
[PlyCount "128"]
[EventDate "2000.09.24"]

1. d4 Nf6 2. Bg5 e6 3. e4 c5 4. e5 h6 5. Bc1 Nd5 6. c4 Nb6 7. dxc5 Bxc5 8. Qg4
Bf8 9. Nc3 d6 10. Be3 dxe5 11. Rd1 N6d7 12. Nf3 Nc6 13. Bd3 a6 14. O-O Qe7 15.
Ne4 f5 16. Nd6+ Qxd6 17. Qg6+ Ke7 18. Bxf5 Nd4 19. Nxd4 exd4 20. Rxd4 Qc6 21.
Re1 e5 22. Qxc6 bxc6 23. Rd3 Nf6 24. Bg6 Ke6 25. Bf4 Bd6 26. Bxe5 Bxe5 27. f4
Nd7 28. Bh5 Kf6 29. fxe5+ Ke7 30. Rd6 Nc5 31. Rxc6 Ne6 32. b3 Bd7 33. Rd6 Rac8
34. Rxa6 Rc5 35. Ra7 Rd8 36. Bf3 Nf4 37. g3 Nd3 38. Rd1 Nxe5 39. Bd5 Kf6 40.
Ra6+ Kg5 41. Re1 Ng4 42. h4+ Kf5 43. Be4+ Ke5 44. Bf3+ Kf5 45. Be4+ Ke5 46.
Bg6+ Kd4 47. Rd6+ Kc3 48. Rc1+ Kb4 49. Rcd1 Ne5 50. Be4 Re8 51. Rb6+ Kc3 52.
Bd5 {(=)} Bg4 53. Rf1 g5 54. Rxh6 Be2 55. Re1 Kd2 56. Rb1 g4 57. Rf6 Nf3+ 58.
Bxf3 Bxf3 59. Rd6+ Kc2 60. Rf1 Ra5 61. Rf2+ Be2 62. Kh2 Rxa2 63. b4 Kc3 64. Rg6
Ra1 0-1

[Event "4NCL/Div1/WR-GUI"]
[Site "Rd02-Birmingham"]
[Date "2000.09.24"]
[Round "2.7"]
[White "Jones, Gawain"]
[Black "Webb, Richard"]
[Result "0-1"]
[WhiteElo "2168"]
[BlackElo "2353"]
[PlyCount "90"]
[EventDate "2000.09.24"]

1. e4 c5 2. Nc3 Nc6 3. Bb5 Nd4 4. Bc4 g6 5. Nce2 Nc6 6. f4 Bg7 7. Nf3 e6 8. O-O
d5 9. exd5 exd5 10. Bb5 Nge7 11. d4 cxd4 12. Nexd4 O-O 13. Be3 Bg4 14. Qd2 Bxf3
15. Rxf3 Nxd4 16. Bxd4 Bxd4+ 17. Qxd4 Nf5 18. Qf2 d4 19. Bd3 Qd5 20. Bxf5 Qxf5
21. Rd1 Rac8 22. Rfd3 Rfe8 23. R1d2 Rxc2 24. Rxd4 Rxd2 25. Qxd2 Qb1+ 26. Kf2
Qxa2 27. f5 Qb1 28. Rd3 Qa2 29. Rd8 Qa4 30. f6 h5 31. g4 Rxd8 32. Qxd8+ Kh7 33.
gxh5 Qf4+ 34. Kg2 Qg4+ 35. Kf1 Qf4+ 36. Kg2 Qe4+ 37. Kf2 gxh5 38. Qe7 Qd5 39.
b4 Kg6 40. Ke3 Kf5 41. h3 a6 42. h4 Kg4 43. Qc7 Qb3+ 44. Ke2 Qf3+ 45. Kd2 Qf4+
0-1

[Event "4NCL/Div1/WR-GUI"]
[Site "Rd02-Birmingham"]
[Date "2000.09.24"]
[Round "2.8"]
[White "Yurenok, Maria"]
[Black "Keeling, Karen"]
[Result "1-0"]
[WhiteElo "2058"]
[BlackElo "1688"]
[PlyCount "143"]
[EventDate "2000.09.24"]

1. d4 Nf6 2. Nf3 e6 3. Bg5 c5 4. e3 Qb6 5. Qc1 Nc6 6. c3 cxd4 7. exd4 Be7 8.
Bd3 O-O 9. O-O Re8 10. Nbd2 d6 11. Re1 Qd8 12. Bb1 Nd7 13. Ne4 Nf8 14. Bxe7
Nxe7 15. h4 Nd5 16. h5 h6 17. c4 Nf6 18. Qf4 Nxe4 19. Bxe4 Qb6 20. b3 Bd7 21.
Rac1 Rac8 22. Rc2 Red8 23. Rec1 Qc7 24. c5 d5 25. Qxc7 Rxc7 26. Bd3 a6 27. a4
Rdc8 28. Ne5 Be8 29. Be2 Nh7 30. g4 Nf6 31. f3 Kf8 32. Kf2 Kg8 33. a5 Bc6 34.
Kg3 Ra8 35. Kg2 Rac8 36. Kf2 Be8 37. Ke3 Bc6 38. Bf1 Be8 39. Rb2 Ra8 40. Rbc2
Rac8 41. b4 Kf8 42. Rb2 Nd7 43. Nxd7+ Bxd7 44. Be2 Ke7 45. f4 Kf6 46. Rg1 Rh8
47. Bf3 Rcc8 48. Rbg2 Ke7 49. g5 g6 50. hxg6 fxg6 51. gxh6 Be8 52. Rh2 Bf7 53.
Be2 Rh7 54. Bd3 Kf6 55. Kd2 Rch8 56. Rgh1 Be8 57. Kc3 Bb5 58. Bxb5 axb5 59. Kd3
Kf5 60. Ke3 Kf6 61. Kf3 Kf5 62. Rh4 Rg8 63. R4h2 Rgh8 64. Rh3 Rg8 65. Ra1 Ra8
66. Rh2 Rhh8 67. h7 Kf6 68. Kg4 Ra6 69. Re1 Rc6 70. Re5 Ra6 71. Rh6 Kg7 72. Kg5
1-0

[Event "4NCL/Div1/BAR1-PP"]
[Site "Rd03-Birmingham"]
[Date "2000.11.25"]
[Round "3.1"]
[White "Harley, Andrew"]
[Black "Parker, Jonathan"]
[Result "0-1"]
[WhiteElo "2296"]
[BlackElo "2539"]
[PlyCount "98"]
[EventDate "2000.11.25"]

1. e4 e5 2. Nf3 Nc6 3. Bb5 Nf6 4. O-O Bc5 5. Nxe5 Nxe4 6. Qe2 Nxe5 7. Qxe4 Qe7
8. Nc3 Ng6 9. Qxe7+ Bxe7 10. Nd5 Kd8 11. Nxe7 Nxe7 12. d4 d5 13. Re1 Bf5 14. c3
c6 15. Bf1 Kd7 16. Bd2 Rae8 17. Re3 Nc8 18. Rae1 Rxe3 19. Rxe3 Nd6 20. Re1 a5
21. f3 h5 22. Kf2 f6 23. Bf4 h4 24. Bxd6 Kxd6 25. Rd1 b5 26. Bd3 Bxd3 27. Rxd3
b4 28. cxb4 axb4 29. a3 bxa3 30. Rxa3 Rb8 31. b3 g5 32. h3 f5 33. Ke2 Re8+ 34.
Kd2 Rb8 35. Kc3 g4 36. hxg4 fxg4 37. fxg4 Rg8 38. Ra2 Rxg4 39. Rd2 Kc7 40. Rf2
Kb6 41. Rf8 Rxg2 42. Rb8+ Kc7 43. Rh8 Rg3+ 44. Kb4 h3 45. Kc5 Kd7 46. Rh7+ Ke6
47. Rh6+ Kf5 48. b4 Rc3+ 49. Kd6 Kf4 0-1

[Event "4NCL/Div1/BAR1-PP"]
[Site "Rd03-Birmingham"]
[Date "2000.11.25"]
[Round "3.2"]
[White "Crouch, Colin"]
[Black "Hadzimanolis, Antonios"]
[Result "1-0"]
[WhiteElo "2425"]
[BlackElo "2235"]
[PlyCount "63"]
[EventDate "2000.11.25"]

1. d4 Nf6 2. c4 c5 3. d5 b5 4. cxb5 a6 5. b6 Qxb6 6. Nc3 g6 7. e4 d6 8. Nf3 Bg7
9. Nd2 O-O 10. Be2 a5 11. Nc4 Qc7 12. O-O Ba6 13. Bg5 Nbd7 14. Qd2 Rfb8 15. f3
Rb4 16. Na3 c4 17. Rab1 Rab8 18. Be3 Qb7 19. Rfc1 Ne5 20. Rc2 Nfd7 21. f4 Nd3
22. Nxc4 Bxc3 23. Qxc3 Bxc4 24. Bxd3 Bxa2 25. Rbc1 Bb3 26. Rf2 Nb6 27. Qe1 Nxd5
28. exd5 Bxd5 29. Qd2 Be4 30. Bf1 Qd7 31. Bd4 a4 32. Bc3 1-0

[Event "4NCL/Div1/BAR1-PP"]
[Site "Rd03-Birmingham"]
[Date "2000.11.25"]
[Round "3.3"]
[White "Swanson, Stephen"]
[Black "Kelly, Brian"]
[Result "0-1"]
[WhiteElo "2273"]
[BlackElo "2464"]
[PlyCount "80"]
[EventDate "2000.11.25"]

1. e4 e6 2. d3 c5 3. Nf3 Nc6 4. g3 g6 5. Bg2 Bg7 6. O-O Nge7 7. Re1 d6 8. c3
O-O 9. Nbd2 Rb8 10. Nf1 b5 11. d4 b4 12. h4 bxc3 13. bxc3 Ba6 14. N1h2 cxd4 15.
cxd4 Nb4 16. Ba3 Qa5 17. Bxb4 Rxb4 18. Qd2 Qb6 19. Rad1 Rb2 20. Qe3 Rxa2 21. h5
Nc6 22. h6 Bh8 23. Ng4 Bc8 24. Rb1 Qd8 25. e5 Ne7 26. Ra1 Nd5 27. Qb3 Rxa1 28.
Rxa1 dxe5 29. dxe5 Qb6 30. Qa3 a6 31. Ng5 Qd4 32. Nxh7 Rd8 33. Bxd5 Qxg4 34.
Qe7 Kxh7 35. Qxd8 exd5 36. Rc1 Be6 37. Qd6 Kxh6 38. Kg2 Qe4+ 39. Kg1 d4 40.
Qxa6 Bd5 0-1

[Event "4NCL/Div1/BAR1-PP"]
[Site "Rd03-Birmingham"]
[Date "2000.11.25"]
[Round "3.4"]
[White "Knott, Simon"]
[Black "Devereaux, Maxim"]
[Result "1-0"]
[WhiteElo "2390"]
[BlackElo "2274"]
[PlyCount "61"]
[EventDate "2000.11.25"]

1. c4 b6 2. b3 e5 3. Bb2 Nc6 4. g3 Be7 5. Bg2 Bf6 6. Nc3 Nge7 7. Ne4 Bb7 8.
Nxf6+ gxf6 9. d4 Ng6 10. d5 Nce7 11. e4 d6 12. Qf3 Ng8 13. Qh5 Bc8 14. Bh3 Rb8
15. Bxc8 Qxc8 16. Ne2 f5 17. f4 N8e7 18. fxe5 Nxe5 19. Bxe5 dxe5 20. O-O Qd7
21. exf5 b5 22. Nc3 bxc4 23. bxc4 Rb6 24. c5 Rb4 25. Rae1 Rc4 26. Rxe5 Kd8 27.
Rb1 Rxc3 28. Rb8+ Qc8 29. Rxc8+ Nxc8 30. Qg5+ Kd7 31. c6+ 1-0

[Event "4NCL/Div1/BAR1-PP"]
[Site "Rd03-Birmingham"]
[Date "2000.11.25"]
[Round "3.5"]
[White "Smith, Andrew P"]
[Black "Ferguson, Mark"]
[Result "0-1"]
[WhiteElo "2252"]
[BlackElo "2374"]
[PlyCount "48"]
[EventDate "2000.11.25"]

1. e4 e5 2. d4 exd4 3. Qxd4 Nc6 4. Qe3 Nf6 5. Bd2 Be7 6. Nc3 d5 7. exd5 Nxd5 8.
Qg3 Ncb4 9. O-O-O Nxc3 10. bxc3 Nxa2+ 11. Kb2 Be6 12. Ne2 c5 13. Nf4 Qb6+ 14.
Ka1 Nc1 15. Be1 Bd6 16. Qe3 Bxf4 17. Qxf4 Nb3+ 18. cxb3 Qxb3 19. Qd2 O-O 20. c4
Bf5 21. Bd3 Rad8 22. Bxf5 Qxd1+ 23. Qxd1 Rxd1+ 24. Kb2 Re8 0-1

[Event "4NCL/Div1/BAR1-PP"]
[Site "Rd03-Birmingham"]
[Date "2000.11.25"]
[Round "3.6"]
[White "Collinson, Adam"]
[Black "Rosen, Daniel"]
[Result "1-0"]
[WhiteElo "2404"]
[BlackElo "2221"]
[PlyCount "59"]
[EventDate "2000.11.25"]

1. e4 g6 2. d4 Bg7 3. Nc3 d6 4. Be3 c6 5. Qd2 Nd7 6. Nf3 Qa5 7. Bd3 Nb6 8. h3
Be6 9. Ne2 Qxd2+ 10. Nxd2 Na4 11. O-O-O Nf6 12. g4 d5 13. e5 Nd7 14. b3 Nab6
15. f4 f5 16. exf6 Bxf6 17. Nf3 Rc8 18. f5 gxf5 19. g5 Bg7 20. Nf4 Bf7 21. Bxf5
O-O 22. Rhf1 Rce8 23. Ne6 Bxe6 24. Bxe6+ Kh8 25. h4 Rxf3 26. Rxf3 Nf8 27. Bf7
Rd8 28. h5 Nfd7 29. h6 Bf8 30. Be6 1-0

[Event "4NCL/Div1/BAR1-PP"]
[Site "Rd03-Birmingham"]
[Date "2000.11.25"]
[Round "3.7"]
[White "Hammond, Andrew"]
[Black "Dishman, Stephen"]
[Result "1/2-1/2"]
[WhiteElo "2213"]
[BlackElo "2364"]
[PlyCount "50"]
[EventDate "2000.11.25"]

1. d4 Nf6 2. c4 e6 3. Nc3 d5 4. Nf3 Be7 5. Bg5 h6 6. Bxf6 Bxf6 7. Qc2 dxc4 8.
e3 c5 9. Rd1 Nc6 10. Bxc4 cxd4 11. exd4 O-O 12. Qe4 Bd7 13. h4 Nb4 14. Ne5 Bxe5
15. dxe5 Qc7 16. Rh3 Bc6 17. Qf4 Rfd8 18. Rd6 Rxd6 19. exd6 Qb6 20. Bb3 Nd5 21.
Bxd5 exd5 22. Rg3 Re8+ 23. Kf1 Qxb2 24. Kg1 Re1+ 25. Kh2 Qa1 1/2-1/2

[Event "4NCL/Div1/BAR1-PP"]
[Site "Rd03-Birmingham"]
[Date "2000.11.25"]
[Round "3.8"]
[White "Lauterbach, Ingrid"]
[Black "Vann, Monica"]
[Result "1/2-1/2"]
[WhiteElo "2179"]
[BlackElo "1536"]
[PlyCount "98"]
[EventDate "2000.11.25"]

1. e4 d5 2. exd5 Nf6 3. Nf3 Nxd5 4. d4 c6 5. h3 g6 6. c3 Bg7 7. Bd3 O-O 8. O-O
Nd7 9. Re1 c5 10. Qb3 e6 11. Bc4 cxd4 12. Nxd4 N7b6 13. Bf1 Bd7 14. a4 a5 15.
Nb5 Bxb5 16. Qxb5 Qd7 17. Qb3 Rfd8 18. c4 Nb4 19. Be3 Qc6 20. Nc3 Bxc3 21. bxc3
Nd3 22. Bxd3 Rxd3 23. Bxb6 Qd6 24. Bd4 Qxd4 25. Qxb7 Qa7 26. Qb3 Rb8 27. Qc2
Rd6 28. Rad1 Rc6 29. Re4 Qa6 30. Qe2 Rc5 31. Red4 Qb6 32. Qe3 Qc7 33. Rd7 Qe5
34. Qh6 Rcc8 35. Qh4 g5 36. Qh5 Qf6 37. Qg4 h6 38. h4 Qxc3 39. hxg5 Rxc4 40.
Qh5 Qg7 41. gxh6 Qg6 42. Qxa5 Rh4 43. Rd8+ Kh7 44. Rxb8 Qxh6 45. Kf1 Re4 46. f3
Qh1+ 47. Kf2 Qh4+ 48. Kg1 Re2 49. Rf1 Qd4+ 1/2-1/2

[Event "4NCL/Div1/GUI-IIT2"]
[Site "Rd03-Birmingham"]
[Date "2000.11.25"]
[Round "3.1"]
[White "Conquest, Stuart"]
[Black "McDonald, Neil"]
[Result "1-0"]
[WhiteElo "2529"]
[BlackElo "2439"]
[PlyCount "117"]
[EventDate "2000.11.25"]

1. d4 f5 2. Nf3 Nf6 3. Bg5 e6 4. Nbd2 Be7 5. c3 Ne4 6. Bxe7 Qxe7 7. e3 b6 8.
Bd3 Bb7 9. O-O O-O 10. Qc2 Nxd2 11. Nxd2 Qg5 12. e4 fxe4 13. Nxe4 Qh6 14. Rae1
Nc6 15. Re3 g6 16. Rh3 Qg7 17. Ng5 h6 18. Nf3 g5 19. Re1 Rf4 20. Be4 Raf8 21.
Rg3 Qf6 22. Qd1 Kg7 23. h4 g4 24. Ne5 Qxh4 25. Ng6 Qg5 26. Nxf4 Rxf4 27. d5
exd5 28. Bxd5 h5 29. Rge3 Rf6 30. c4 Qf4 31. Qd2 Kh6 32. g3 Qg5 33. b4 Rd6 34.
Qc3 Qf6 35. Qxf6+ Rxf6 36. Re8 a6 37. a4 Rd6 38. b5 axb5 39. axb5 Na5 40. Bxb7
Nxb7 41. R1e5 Rd1+ 42. Kg2 Nc5 43. Rh8+ Kg6 44. Rhxh5 Ne6 45. Rh8 Rd4 46. Rd5
Rxc4 47. Rxd7 Rb4 48. Re8 Kf6 49. Rde7 Ng7 50. Re4 Rxb5 51. Rf8+ Kg5 52. Rg8
Kf6 53. Rf8+ Kg5 54. Re7 Nf5 55. Rxc7 Rb2 56. Rc3 Rb4 57. Rd3 Ne7 58. Rd6 Rb2
59. Re6 1-0

[Event "4NCL/Div1/GUI-IIT2"]
[Site "Rd03-Birmingham"]
[Date "2000.11.25"]
[Round "3.2"]
[White "Cooper, Lawrence"]
[Black "Plaskett, James"]
[Result "1/2-1/2"]
[WhiteElo "2336"]
[BlackElo "2526"]
[PlyCount "28"]
[EventDate "2000.11.25"]

1. e4 c5 2. c3 d5 3. exd5 Qxd5 4. d4 Nf6 5. Nf3 e6 6. Be2 Nc6 7. O-O cxd4 8.
cxd4 Be7 9. Nc3 Qd6 10. Nb5 Qd8 11. Bf4 Nd5 12. Bg3 O-O 13. Rc1 Bd7 14. Nc3 Qa5
1/2-1/2

[Event "4NCL/Div1/GUI-IIT2"]
[Site "Rd03-Birmingham"]
[Date "2000.11.25"]
[Round "3.3"]
[White "Rowson, Jonathan"]
[Black "Richardson, John"]
[Result "1-0"]
[WhiteElo "2506"]
[BlackElo "2338"]
[PlyCount "67"]
[EventDate "2000.11.25"]

1. e4 d5 2. exd5 Qxd5 3. Nc3 Qa5 4. Bc4 Nf6 5. d4 c6 6. Bd2 Bg4 7. f3 Bf5 8.
Nge2 e6 9. g4 Bg6 10. Nf4 Bb4 11. h4 Bxc3 12. Bxc3 Qc7 13. Qd2 b5 14. Ba5 Qd6
15. Bb3 c5 16. dxc5 Qe5+ 17. Ne2 Nc6 18. Bc3 Qxc5 19. Bxf6 gxf6 20. h5 Ne5 21.
Rh3 Rd8 22. Qc3 Qb6 23. hxg6 b4 24. g7 Rg8 25. Ba4+ Ke7 26. Qb3 h5 27. Rxh5 a5
28. a3 Rd3 29. cxd3 Nxf3+ 30. Kd1 Qe3 31. Qc2 Rc8 32. g8=Q Rxc2 33. Qe8+ Kd6
34. Qd8# 1-0

[Event "4NCL/Div1/GUI-IIT2"]
[Site "Rd03-Birmingham"]
[Date "2000.11.25"]
[Round "3.4"]
[White "Black, Richard"]
[Black "Gormally, Daniel"]
[Result "0-1"]
[WhiteElo "2264"]
[BlackElo "2504"]
[PlyCount "78"]
[EventDate "2000.11.25"]

1. e4 c5 2. Nf3 d6 3. d4 Nf6 4. Nc3 cxd4 5. Nxd4 a6 6. Be3 e5 7. Nb3 Be6 8. Qd2
Be7 9. f3 O-O 10. O-O-O b5 11. g4 b4 12. Nd5 Bxd5 13. exd5 a5 14. Kb1 a4 15.
Nc1 Qa5 16. g5 Nfd7 17. h4 Na6 18. Bxa6 Rxa6 19. h5 Qb5 20. g6 Nf6 21. Bh6 Ne8
22. Rdg1 fxg6 23. hxg6 Bf6 24. gxh7+ Kh8 25. Bg5 Bxg5 26. Qxg5 Ra7 27. Qd8 Qxd5
28. Rd1 Qc6 29. Rhe1 b3 30. cxb3 axb3 31. Nxb3 Ra8 32. Qe7 Qxf3 33. Nd2 Qf5+
34. Ka1 Rf7 35. Qh4 Rxa2+ 36. Kxa2 Ra7+ 37. Kb3 Qd3+ 38. Kb4 Rb7+ 39. Ka4 Qa6#
0-1

[Event "4NCL/Div1/GUI-IIT2"]
[Site "Rd03-Birmingham"]
[Date "2000.11.25"]
[Round "3.5"]
[White "Webb, Richard"]
[Black "Lyell, Mark"]
[Result "1-0"]
[WhiteElo "2353"]
[BlackElo "2224"]
[PlyCount "103"]
[EventDate "2000.11.25"]

1. Nf3 f5 2. g3 g6 3. Bg2 Bg7 4. O-O Nf6 5. d3 O-O 6. c4 d6 7. Nc3 Nc6 8. Rb1
a5 9. a3 Bd7 10. b4 axb4 11. axb4 Qe8 12. b5 Nd8 13. Qc2 e5 14. Nd5 Ne6 15.
Nxf6+ Bxf6 16. Bb2 g5 17. Nd2 Bc8 18. Ra1 Rxa1 19. Rxa1 Nd4 20. Qd1 e4 21. Nb3
Nf3+ 22. exf3 Bxb2 23. Ra2 exf3 24. Bxf3 Bc3 25. Na5 f4 26. g4 Qd7 27. Nxb7 h5
28. h3 hxg4 29. hxg4 Qh7 30. Kg2 Qh4 31. Ra8 Bd4 32. Qe2 Be5 33. c5 Kg7 34.
cxd6 cxd6 35. d4 Rh8 36. Kf1 Bxg4 37. Rxh8 Qxh8 38. Kg1 Bxf3 39. Qxf3 Bxd4 40.
Nxd6 Kf6 41. Qd5 Bxf2+ 42. Kxf2 Qh2+ 43. Ke1 Qg1+ 44. Kd2 Qf2+ 45. Kc3 Qe1+ 46.
Kc4 Qe2+ 47. Kc5 Qc2+ 48. Kb6 Qf2+ 49. Kb7 Qg1 50. b6 Ke7 51. Ne4 f3 52. Nxg5
1-0

[Event "4NCL/Div1/GUI-IIT2"]
[Site "Rd03-Birmingham"]
[Date "2000.11.25"]
[Round "3.6"]
[White "Wade, Robert"]
[Black "Povah, Nigel"]
[Result "0-1"]
[WhiteElo "2213"]
[BlackElo "2359"]
[PlyCount "50"]
[EventDate "2000.11.25"]

1. e4 d5 2. Nc3 dxe4 3. Nxe4 Nf6 4. Nxf6+ gxf6 5. Bc4 Rg8 6. Qh5 e6 7. Nf3 Rxg2
8. d3 Qd6 9. Be3 Qb4+ 10. Kf1 Rg6 11. Rb1 Bd7 12. Rg1 Nc6 13. Qxh7 Rxg1+ 14.
Kxg1 b5 15. a3 Qa4 16. Bh6 Bxh6 17. Qxh6 Ke7 18. b3 Qa6 19. Bxe6 Rg8+ 20. Kf1
Bxe6 21. Re1 Qxa3 22. Qh7 Re8 23. Qe4 Kd7 24. Qh4 Qb2 25. d4 Qxc2 0-1